000 00704nam a2200157Ia 4500
008 100122s9999 xx 000 0 und d
082 _b74809
_a923.254
100 _aपाठक प्रभाकर
245 _aराष्ट्रधर्माचा कीर्तिस्तंभ- अटलबिहारी वाजपेयी
250 _a1
260 _c2008
300 _a352
630 _aराष्ट्रधर्माचा कीर्तिस्तंभ- अटलबिहारी वाजपेयी
730 _aराष्ट्रधर्माचा कीर्तिस्तंभ- अटलबिहारी वाजपेयी
942 _cBOOK
999 _c390823
_d390820